Score 0/12 Timer 05:00
0 Plays Today
% Correct
German
85.3%
Spanish
80%
French
73.7%
Dutch
71.6%
Italian
70.5%
Portuguese
70.5%
Polish
67.4%
Finnish
61.1%
Danish
56.8%
Czech
40%
Romanian
38.9%
Croatian
34.7%
Remove Ads.
Support Sporcle.
Get the best of Sporcle when you Go Orange. This ad-free experience offers more features, more stats, and more fun while also helping to support Sporcle. Thank you for becoming a member.

You're not logged in!

Compare scores with friends on all Sporcle quizzes.
OR
Log In

Show Comments

Extras

Top Quizzes Today


Score Distribution

Your Account Isn't Verified!

In order to create a playlist on Sporcle, you need to verify the email address you used during registration. Go to your Sporcle Settings to finish the process.

Report this User

Report this user for behavior that violates our Community Guidelines.

Details: